000
00255nam a2200097Ia 4500
008
220204s9999 xx 000 0 und d
082
_a
NR:058:338.32007
_b
IND
245
0
_a
India rubber directory 2007
260
_a
Chennai
_b
Team Web Power
_c
2007
942
_c
BK
999
_c
42680
_d
42680